| 000 | 00773nam a2200229Ii 4500 | ||
|---|---|---|---|
| 003 | JO-AjNU | ||
| 008 | 230605s9999||||xx |||||||||||||| ||und|| | ||
| 017 | _a2009/19411 | ||
| 020 | _a978-977-422-168-6 | ||
| 040 |
_aJO-AjNU _bara _erda _cJO-AjNU |
||
| 041 | _aara | ||
| 050 | 1 | 4 | _aHG221.Q277 2010 |
| 100 | 3 |
_aالقصاص،جلال جويدة, _eauthor _932705 |
|
| 245 | 0 | 0 | _aالنقود والبنوك والتجارة الخارجية |
| 250 | _aط1 | ||
| 264 | 3 | 1 | _aالاسكندرية: الدار الجامعية، 2010 |
| 300 |
_a309ص _bيحتوي على ببلوغرافية من 301-309ص |
||
| 336 |
_atext _btxt _2rdacontent |
||
| 337 |
_aunmediated _bn _2rdamedia |
||
| 338 |
_avolume _bnc _2rdacarrier |
||
| 650 | 4 |
_aالبنوك- النقود _932706 |
|
| 999 |
_aA13235 _c16803 _d16803 |
||